Discos de Taylor Swift por foto - Estadísticas

Estadísticas generales
  • Esta prueba ha sido intentada 325 veces
  • La puntuación promedio es 14 de 15
Estadísticas de respuestas
Imagen Respuesta % Correcto
reputation
99%
1989
98%
1989 (Taylor's Version)
98%
Red
98%
Red (Taylor's Version)
98%
Lover
97%
Fearless
96%
Fearless (Taylor's Version)
96%
Taylor Swift
96%
folklore
95%
Midnights
95%
Speak Now
93%
Speak Now (Taylor's Version)
93%
evermore
92%
THE TORTURED POETS DEPARTMENT
89%
No se encontraron pruebas coincidentes
Distribución de puntuación
Porcentaje de gente con cada puntuación
Porcentaje por número respondido
Historial de tus puntuaciones
No has intentado esta prueba.